Statistics for Guess The Actor As A Child #5

Click here to take the quiz!

General Stats

  • This quiz has been taken 90 times
  • The average score is 5 of 12

Answer Stats

Answer% Correct
George Clooney
79%
Will Ferrell
76%
Tobey Maguire
55%
Eddie Murphy
54%
Dustin Hoffman
51%
Dwayne Johnson
51%
Bill Murray
49%
Amanda Seyfried
43%
Kate Winslet
33%
Julianne Moore
22%
Laura Linney
10%
Roberto Benigni
9%

Score Distribution

Percentile by Number Answered

Percent of People with Each Score

Your Score History

You have not taken this quiz